|
|
|
|
| LEADER |
06593nam a22004093i 4500 |
| 001 |
EBC7100883 |
| 003 |
MiAaPQ |
| 005 |
20240729202203.0 |
| 006 |
m o d | |
| 007 |
cr cnu|||||||| |
| 008 |
240729s1968 xx o ||||0 ger d |
| 020 |
|
|
|a 9783428422845
|q (electronic bk.)
|
| 020 |
|
|
|z 9783428022847
|
| 035 |
|
|
|a (MiAaPQ)EBC7100883
|
| 035 |
|
|
|a (Au-PeEL)EBL7100883
|
| 035 |
|
|
|a (OCoLC)1347024429
|
| 040 |
|
|
|a MiAaPQ
|b eng
|e rda
|e pn
|c MiAaPQ
|d MiAaPQ
|
| 100 |
1 |
|
|a Thalheim, Karl C.
|
| 245 |
1 |
0 |
|a Wachstumsprobleme in Den Osteuropäischen Volkswirtschaften :
|b Bd. I.
|
| 250 |
|
|
|a 1st ed.
|
| 264 |
|
1 |
|a Berlin :
|b Duncker & Humblot,
|c 1968.
|
| 264 |
|
4 |
|c {copy}1968.
|
| 300 |
|
|
|a 1 online resource (241 pages)
|
| 336 |
|
|
|a text
|b txt
|2 rdacontent
|
| 337 |
|
|
|a computer
|b c
|2 rdamedia
|
| 338 |
|
|
|a online resource
|b cr
|2 rdacarrier
|
| 490 |
1 |
|
|a Schriften des Vereins Für Socialpolitik Series
|
| 505 |
0 |
|
|a Intro -- Vorbemerkung -- Inhaltsverzeichnis -- Prof. Dr. Karl C. Thalheim: Besonderheiten des Wirtschaftswachstums in den kommunistisch regierten Ländern -- A. Maximierung des Wirtschaftswachstums als Schwerpunktaufgabe der Wirtschaftsplanung -- B. Wachstumstheoretische Ansätze -- C. Die Voraussetzungen des Wirtschaftswachstums -- 1. Die Naturbedingungen -- 2. Die Arbeitskräfte -- 3. Die Ausstattung mit sachlichen Produktionsmitteln -- D. Die Investitionen -- E. Die Finanzierung des Wirtschaftswachstums -- F. Der Einfluß der Wirtschaftsreformen auf das Wirtschaftswachstum -- Dr. Gert Leptin: Langfristige Wandlungen im Wirtschaftswachstum und in der Wachstumspolitik der Sowjetunion -- Zielkonflikte in der sowjetischen Wirtschaftspolitik -- I. Die Wachstumsbedingungen und die Hauptlinien der sowjetischen Wachstumspolitik in der Periode der Fünfjahrpläne -- A. Ergebnisse der Industrialisierungsdebatte -- B. Beschäftigungspolitik -- C. Außenwirtschaftspolitik -- D. Währungspolitik -- II. Veränderungen in den Grundbedingungen des wirtschaftlichen Wachstums -- III. Die Reaktion der staatlichen Wirtschaftspolitik auf die veränderten Wachstumsbedingungen -- A. Reform des Wirtschaftssystems -- B. Korrektur der Wirtschaftsstruktur -- IV. Auswirkungen der Wirtschaftsreform und die Ergebnisse der nachstalinschen Wachstumspolitik -- A. Beschäftigungspolitik -- B. Außenwirtschaftspolitik -- C. Währungspolitik -- D. Quantitative Ergebnisse der nachstalinschen Wachstumspolitik -- V. Probleme des zukünftigen Wirtschaftswachstums -- Prof. Dr. Rolf Krengel/Dr. Ernst Eisendrath: Wachstumsprobleme der Industrie in der Sowjetunion -- Theoretische Grundlagen -- Möglichkeiten und Grenzen der statistischen Messung des „Technischen Fortschritts" -- Daten der Produktion und der Produktionsfaktoren -- Berechnung von Zeitreihen der Skalenerträge und des Residualfaktors.
|
| 505 |
8 |
|
|a Der Beitrag des Residualfaktors zum Produktionszuwachs -- Zur Wertung der Ergebnisse -- Anhang I: Zusammensetzung der einzelnen Industriegruppen -- Anhang II: Zur Berechnung der Zeitreihe für die Produktion (Y) -- Anhang III: Zur Berechnung der Parameter α und β -- Dr. Karl-Ernst Schenk: Wachstumsprobleme in der sowjetischen Landwirtschaft -- Einleitung -- A. Wachstum und Strukturveränderungen -- 1. Phasen des Wachstums -- 2. Die Ergebnisse des Ackerbaues, Anbauflächen und Erträge -- 3. Die Ergebnisse der Viehwirtschaft -- B. Das Klima und die Intensität der Bodenbewirtschaftung -- 1. Die klimageographische Lage des Gebietes der UdSSR -- 2. Veränderung der landwirtschaftlichen Nutzfläche in den natürlichökonomischen Zonen der UdSSR zwischen 1953 und 1959 -- 3. Die Tendenzen der Bodennutzung von 1953 bis 1959 -- 4. Ergebnisse der Bodenpolitik -- C. Der Produktionsfaktor Arbeit -- 1. Die Zahl der landwirtschaftlichen Beschäftigten -- 2. Die Zahl der erwachsenen Arbeitsfähigen -- 3. Der Arbeitseinsatz in den Sektoren der Landwirtschaft -- 4. Die Arbeitsproduktivität -- 5. Die Ausnutzung des Arbeitskräftepotentials -- D. Kapitalausstattung und Investitionen -- 1. Die Entwicklung der Produktionsgrundfonds -- 2. Investitionen -- 3. Kapitalproduktivität -- E. Administrative und parametrische Lenkung als Faktoren im Wachstumsprozeß -- 1. Anwendbarkeit von Mitteln (indirekter) parametrischer Lenkung der Betriebe -- 2. Die Finanzplanung -- 3. Administrative Lenkung und Planung -- 4. Gegenwartsaufgaben der Agrarpolitik -- Anhang -- Dr. Johannes F. Tismer: Wachstumsprobleme und Dienstleistungen in der Sowjetunion -- I. Der Entwicklungsstand des Dienstleistungssektors in der Sowjetunion -- 1. Abgrenzung des Dienstleistungssektors -- 2. Die Stellung des Dienstleistungssektors in der Sowjetwirtschaft -- a) Leistungen des Einzelhandels -- b) Reparaturleistungen.
|
| 505 |
8 |
|
|a c) Leistungen im Rahmen der Wohnungswirtschaft -- d) Leistungen öffentlicher Versorgungsbetriebe -- e) Sozialleistungen des Staates -- 3. Die Beschäftigtenstruktur des Dienstleistungssektors in der Sowjetunion -- II. Die Gestaltungskräfte des Wirtschaftssystems in ihrer Auswirkung auf den Dienstleistungssektor unter Berücksichtigung wachstumsrelevanter Tatbestände -- 1. Besonderheiten des Planungsvollzuges -- 2. Preisbildung auf dem Dienstleistungssektor -- 3. Der Zeitfaktor in seiner wachstumsrelevanten Bedeutung für den Dienstleistungssektor -- 4. Arbeitsteilung zwischen Dienstleistungsbetrieben und Betrieben anderer Wirtschaftszweige sowie zwischen Dienstleistungsbetrieben und privaten Haushalten -- 5. Die Qualifikation der Arbeitskraft als wachstumspolitisches Ziel -- III. Möglichkeiten und Tendenzen einer zukünftigen auf den Dienstleistungssektor der Sowjetunion gerichteten Wachstumspolitik -- 1. Veränderungen in der Haltung der Wirtschaftsplaner gegenüber Dienstleistungen -- 2. Probleme der Kapazitätsplanung des Dienstleistungssektors -- 3. Probleme der Organisationsplanung des Dienstleistungssektors.
|
| 588 |
|
|
|a Description based on publisher supplied metadata and other sources.
|
| 590 |
|
|
|a Electronic reproduction. Ann Arbor, Michigan : ProQuest Ebook Central, 2024. Available via World Wide Web. Access may be limited to ProQuest Ebook Central affiliated libraries.
|
| 655 |
|
4 |
|a Electronic books.
|
| 776 |
0 |
8 |
|i Print version:
|a Thalheim, Karl C.
|t Wachstumsprobleme in Den Osteuropäischen Volkswirtschaften
|d Berlin : Duncker & Humblot,c1968
|z 9783428022847
|
| 797 |
2 |
|
|a ProQuest (Firm)
|
| 830 |
|
0 |
|a Schriften des Vereins Für Socialpolitik Series
|
| 856 |
4 |
0 |
|u https://ebookcentral.proquest.com/lib/matrademy/detail.action?docID=7100883
|z Click to View
|